LIBRARY & INFORMATION CENTRE, KCAET, TAVANUR

ONLINE PUBLIC ACCESS CATALOGUE (OPAC)

Annual report 1964-65 (Record no. 5856)

MARC details
000 -LEADER
fixed length control field 00560cam a2200145ua 4500
041 ## - LANGUAGE CODE
Language code of text/sound track or separate title eng
082 ## - DEWEY DECIMAL CLASSIFICATION NUMBER
Classification number 338.06
Item number KHA/AN
245 ## - TITLE STATEMENT
Title Annual report 1964-65
260 ## - PUBLICATION, DISTRIBUTION, ETC. (IMPRINT)
Place of publication Bombay :
Name of publisher J N Varma ,
Year of publication 1887.
300 ## - PHYSICAL DESCRIPTION
Number of Pages 152 ; .
942 ## - ADDED ENTRY ELEMENTS (KOHA)
Koha item type Books
Holdings
Withdrawn status Lost status Damaged status Home library Current library Date acquired Full call number Accession Number Koha item type Public note
Withdrawn     KAUAET Sanskrit University 07/04/2012 338.06 8604 Books Transferred to Sanskrit University
free website counter